|
|
|
|
| LEADER |
00000nam0a2200000 4500 |
| 001 |
93123 |
| 005 |
20231101213852.0 |
| 020 |
|
|
|a RU
|b 87-74557
|
| 035 |
|
|
|a (RuTPU)RU\TPU\book\99731
|
| 090 |
|
|
|a 93123
|
| 100 |
|
|
|a 20060325d1987 k y0rusy5003 ca
|
| 101 |
0 |
|
|a rus
|
| 102 |
|
|
|a UA
|
| 105 |
|
|
|a a z 001zy
|
| 200 |
1 |
|
|a Синтез макроциклических соединений
|f К. Б. Яцимирский [и др.]
|g Академия наук Украинской ССР; Институт физической химии
|
| 210 |
|
|
|a Киев
|c Наукова думка
|d 1987
|
| 215 |
|
|
|a 276,[3] с.
|
| 320 |
|
|
|a Библиогр.: с. 213-245.
|
| 320 |
|
|
|a Указатель: с. 248-277.
|
| 606 |
1 |
|
|a Макрогетероциклические соединения
|x Синтез
|2 stltpush
|3 (RuTPU)RU\TPU\subj\78387
|9 87827
|
| 610 |
1 |
|
|a циклические соединения
|
| 610 |
1 |
|
|a полиазалиганды
|
| 610 |
1 |
|
|a реакции Куртиса
|
| 610 |
1 |
|
|a полиэфиры
|
| 675 |
|
|
|a 547.8
|v 3
|
| 701 |
|
1 |
|a Яцимирский
|b К. Б.
|g Константин Борисович
|
| 701 |
|
1 |
|a Кольчинский
|b А. Г.
|g Александр Георгиевич
|
| 701 |
|
1 |
|a Павлищук
|b В. В.
|g Виталий Валентинович
|
| 701 |
|
1 |
|a Таланова
|b Г. Г.
|g Галина Григорьевна
|
| 712 |
0 |
2 |
|a Академия наук Украинской ССР
|b Институт физической химии
|2 stltpush
|3 (RuTPU)RU\TPU\col\332
|
| 801 |
|
0 |
|a RU
|b RuMRKP
|c 19950417
|g psbo
|
| 801 |
|
1 |
|a RU
|b 63413507
|c 20060325
|g PSBO
|
| 801 |
|
2 |
|a RU
|b 63413507
|c 20190123
|g PSBO
|
| 942 |
|
|
|c BK
|